| 000 | 01048nam a2200325 a 4500 | ||
|---|---|---|---|
| 999 |
_c7443 _d7443 |
||
| 001 | 991032673829706706 | ||
| 003 | OSt | ||
| 005 | 20211221125104.0 | ||
| 008 | 910701s1989 spca || 000 ||cat | ||
| 015 |
_aLL1991 _2bnc |
||
| 017 |
_aDL B. 41297-1989 _bBiblioteca de Catalunya |
||
| 020 | _a8473063953 | ||
| 035 | _a(ES-BaCBU)b18613445-34csuc_network | ||
| 035 | _a(ES-BaCBU).b18613445 | ||
| 035 | _a(ccuc001)b18613445 | ||
| 035 | _a(OCoLC)865202103 | ||
| 040 |
_aES-BaBC _bcat _cES-BaBC _dCDMR |
||
| 043 |
_ae-sp--- _be-spcsl _2catmarc |
||
| 080 | _a849.9"19"(079.2)(467.1 Sl Blanes) | ||
| 100 | 1 |
_aReixach, Jaume _963 |
|
| 245 | 1 | 0 |
_a25 anys de premis Recull / _cJaume Reixach |
| 260 |
_aBarcelona : _bRecull, _c1989 |
||
| 300 |
_a89 p., [2] f., 16 p. de làm. : _bil. ; _c22 cm |
||
| 610 | 0 |
_94738 _aRecull (Revista) _xHistòria |
|
| 650 | 7 |
_aPremis Recull _xHistòria. _2lemac |
|
| 907 |
_a.b18613445 _b22-06-21 _c07-05-08 _d06-05-08 _em _fa _g- _hcat _ispc _j0 _k3 |
||
| 908 |
_aURV _aBC _aUdG _aUB _aUPC |
||
| 940 | _aBC | ||
| 942 |
_2udc _cMON |
||